Jack and the BeanStalk / (Record no. 171743)

MARC details
000 -LEADER
fixed length control field 00884nam a2200289 i 4500
001 - CONTROL NUMBER
control field C2-0237376
003 - CONTROL NUMBER IDENTIFIER
control field PPAK
005 - DATE AND TIME OF LATEST TRANSACTION
control field 20190417152932.0
008 - FIXED-LENGTH DATA ELEMENTS--GENERAL INFORMATION
fixed length control field 011220t20182018-uka|||a ||||| | 1 eng d
020 ## - INTERNATIONAL STANDARD BOOK NUMBER
International Standard Book Number 9781786175151
Terms of availability RM6.29
Qualifying information paperback
040 ## - CATALOGING SOURCE
Original cataloging agency PPAK
Language of cataloging eng
Transcribing agency PPAK
Description conventions rda
082 04 - DEWEY DECIMAL CLASSIFICATION NUMBER
Classification number 428.6
Edition number 23
090 00 - LOCALLY ASSIGNED LC-TYPE CALL NUMBER (OCLC); LOCAL CALL NUMBER (RLIN)
Classification number (OCLC) (R) ; Classification number, CALL (RLIN) (NR) 428.6
Feature heading JAC
Feature heading K
245 00 - TITLE STATEMENT
Title Jack and the BeanStalk /
Statement of responsibility, etc. Illustrated by Claudia Ranucci
264 #1 - PRODUCTION, PUBLICATION, DISTRIBUTION, MANUFACTURE, AND COPYRIGHT NOTICE
Place of production, publication, distribution, manufacture [United Kingdom] :
Name of producer, publisher, distributor, manufacturer Miles Kelly Publishing Ltd.,
Date of production, publication, distribution, manufacture, or copyright notice 2018
Date of production, publication, distribution, manufacture, or copyright notice ©2018
300 ## - PHYSICAL DESCRIPTION
Extent [23] pages :
Other physical details colour illustrations ;
Dimensions 18 cm
336 ## - CONTENT TYPE
Source rdacontent
Content type term text
337 ## - MEDIA TYPE
Source rdamedia
Media type term unmediated
338 ## - CARRIER TYPE
Source rdacarrier
Carrier type term volume
490 1# - SERIES STATEMENT
Series statement My Fairytale Time
Volume/sequential designation 2
650 10 - SUBJECT ADDED ENTRY--TOPICAL TERM
Topical term or geographic name entry element Readers (Elementary)
Topical term or geographic name entry element Children's stories, English
700 1# - ADDED ENTRY--PERSONAL NAME
Personal name Ranucci, Claudia
Relator term illustrator
830 #0 - SERIES ADDED ENTRY--UNIFORM TITLE
Uniform title My Fairytale Time
Number of part/section of a work 2
942 ## - ADDED ENTRY ELEMENTS (KOHA)
Koha item type Book
Source of classification or shelving scheme Dewey Decimal Classification
Holdings
Withdrawn Not for loan Current library Shelving location Date acquired Total Checkouts Full call number Barcode Date last seen Date last checked out Koha item type Total Renewals
    Perpustakaan Alor Setar Pinjaman Kanak-kanak 10/04/2019 1 K 428.6 JAC A01597471 14/11/2019 02/11/2019 Book  
    Perpustakaan Alor Setar Pinjaman Kanak-kanak 23/04/2019 4 K 428.6 JAC A01598550 13/08/2020 16/07/2020 Book 2
    Perpustakaan Alor Setar Pinjaman Kanak-kanak 23/04/2019 6 K 428.6 JAC A01598551 14/01/2026 27/12/2025 Book 1
    Perpustakaan Baling Pinjaman Kanak-kanak 10/04/2019   K 428.6 JAC A01597472 10/04/2019   Book  
    Perpustakaan Bandar Baharu Pinjaman Kanak-kanak 10/04/2019   K 428.6 JAC A01597473 10/04/2019   Book